000 00734nam a22001937a 4500
005 20251108173452.0
008 250721s2002 xx 000 0 ara d
082 1 4 _a347.56/حرا
100 1 _aالحراحشة، محمد عبد سليمان
_eمؤلف
245 1 0 _aفكرة عدم سريان التصرف القانوني : دراسة مقارنة في الفقهين الإسلامي و الغربي و القوانين المدنية العربية /
264 1 _aعمان :
_bالحراحشة،
_c2002.
300 _a150 ص.
650 1 7 _aالقانون المدني
650 1 7 _aالبلدان العربية
650 1 7 _aالفقه الإسلامي
650 1 7 _aالغرب
942 _2ddc
_cBK
999 _c104604
_d104604